000 00735nam a22002537a 4500
003 UA-OsUOA
001 121755
007 ta
008 20170328b un ||||| |||| 00| 0 ukr d
100 _aДомбровский Ю. О.
090 _a821.161.1
_bД66
942 _cBK
040 _aUA-OsUOA
_brus
_cUA-OsUOA
_dUA-OsUOA
245 _aФакультет ненужных вещей
_bроман в двух книгах
300 _a720 с.
955 _a3
041 _arus
080 _a821.161.1
020 _a5-265-01092-0
591 _aДімаров А.
260 _aМ.
_bСоветский писатель
_c1989
650 7 _a82 Література. Літературознавство
_2UDC
999 _c407800
_d407800